| 000 | 00726nam a2200229 a 4500 | ||
|---|---|---|---|
| 001 | 1198 | ||
| 003 | BR-CuiBMT | ||
| 005 | 20231130234055.0 | ||
| 008 | 231113s2014 dfba 001 0 por d | ||
| 040 |
_aBR-CuiBMT _cBR-CuiBMT |
||
| 080 |
_a811.134.3 _x'38 _x(044.4) _22007 |
||
| 090 |
_a811.134.3'38(044.4) _bD614m _c2. ed. |
||
| 110 | 1 |
_aDistrito Federal (Brasil). _bTribunal de Contas. |
|
| 245 | 1 | 0 |
_aManual de redação oficial / _bTribunal de contas - Distrito Federal. |
| 250 | _a2. ed. | ||
| 260 |
_aBrasília : _bDIPLAN, _c2014. |
||
| 300 |
_a268 p. : _bil. ; _c23 cm |
||
| 504 | _aInclui bibliografia e índice. | ||
| 650 |
_aRedação oficial _xAspectos gerais |
||
| 650 | _aElementos de gramática | ||
| 942 |
_2udc _cLV |
||
| 999 |
_c1198 _d1198 |
||